000
00309cam a2200121ua 4500
999
_c
12191
_d
12191
082
_a
664.028
_b
DES/TH
100
_a
Norman, W Desrosier .
_9
3086
245
_a
Technology of food preservation /
250
_a
4 /
260
_a
New Delhi :
_b
C B S Publishers & Distributers.
300
_a
558 ; .
942
_c
BK